| 000 | 00967cam a2200265 4500 | ||
|---|---|---|---|
| 001 | A419 | ||
| 008 | 090401t1994 xxu||||| |||| 00| 0 eng d | ||
| 035 | _a(Sirsi) u95426 | ||
| 041 | _aeng | ||
| 110 |
_aRoyal Institution of Chartered Surveyors _94900 |
||
| 245 | _aProposal to restore `price paid` information to the land register | ||
| 260 |
_bRICS _c1994 |
||
| 300 | _a3p | ||
| 350 | _a3 | ||
| 490 |
_aRICS Memorandum _vGCPPA/Report(94)4 |
||
| 520 | _aPrepared in response to a discussion paper issued by the Chief Land Registrar to reintroduce the practice of entering on the land register the price paid on a transfer or conveyance for value, or the value stated where property changes hands otherwise than on sale. | ||
| 650 | _aLAND REGISTER | ||
| 650 | _aPRICE INFORMATION | ||
| 650 | _aPRICE PAID INFORMATION | ||
| 650 | _aPROPERTY TRANSACTIONS | ||
| 690 | _aLAND | ||
| 690 | _aPROPERTY LAW AND PRACTICE | ||
| 942 | _n0 | ||
| 948 | _c04/03/1997 | ||
| 999 |
_c98498 _d98498 |
||